| 000 | 01616nam0a2200337 4500 | ||
|---|---|---|---|
| 001 | RU\NLR\bibl\1086933 | ||
| 005 | 20260405201944.0 | ||
| 010 |
_a5-94431-041-3 _93000 |
||
| 035 | _a(NLR Aleph) 001074093 | ||
| 090 |
_a1017161 _c1017161 |
||
| 100 | _a20070517d2002 |||y0rusy50 ca | ||
| 101 | 0 | _arus | |
| 102 | _aRU | ||
| 105 | _aa ||||||||| | ||
| 200 | 1 |
_aСобор Рождества Богородицы Снетогорского монастыря _fИ.Б. Голубева, В.Д. Сарабьянов _gГос. ин-т искусствознания |
|
| 210 |
_aМосква _cСеверный паломник _d2002 |
||
| 215 |
_a80 с. _cил., цв. ил. _d20 |
||
| 225 | 1 | _aПамятники художественной культуры Древней Руси | |
| 300 | _aНа обл. авт. не указаны | ||
| 320 | _aБиблиогр.: с. 77 | ||
| 601 | 0 | 2 |
_aСобор Рождества Богородицы _cПсков, город _92477566 _3RU\NLR\auth\661471007 |
| 686 | _aЭ372.24-655 | ||
| 700 | 1 |
_4070 _8rus _7ca _aГолубева _bИ. Б. _cискусствовед _f1949- _gИрина Борисовна _3RU\NLR\auth\7753785 _936717 |
|
| 701 | 1 |
_4070 _8rus _7ca _aСарабьянов _bВ. Д. _cканд. искусствоведения _f1958-2015 _gВладимир Дмитриевич _3RU\NLR\AUTH\7789458 _972386 |
|
| 801 | 0 |
_aRU _bNLR _c20070517 _gRCR |
|
| 801 | 1 |
_aRU _bNLR _c20070517 |
|
| 942 | _cBOOK | ||
| 980 | _aNB | ||